Welfare effects of Uzbekistan's foreign exchange regime

Saved in:
Bibliographic Details
Main Author: Rosenberg, Christoph B.
Other Authors: Zeeuw, Maarten de
Format: Book
Language:English
Published: Washington International Monetary Fund 2000
Series:IMF Working Paper WP/00/61
Subjects:
Tags: Add Tag
No Tags, Be the first to tag this record!

MARC

LEADER 00000nam a2200000 4500
001 c124207
005 20221221083924.7
041 0 |a eng 
044 |a US 
245 1 0 |a Welfare effects of Uzbekistan's foreign exchange regime  |c Christoph B. Rosenberg and Maarten de Zeeuw 
264 1 |a Washington  |b International Monetary Fund  |c 2000 
300 |a 23 s. 
490 1 |a IMF Working Paper  |v WP/00/61 
830 0 |a IMF Working Paper  |v WP/00/61 
610 2 0 |a kurz menový 
610 2 0 |a blahobyt 
610 2 0 |a Uzbekistan 
610 2 0 |a politika fiškálna 
100 1 |a Rosenberg, Christoph B. 
700 1 |a Zeeuw, Maarten de